000 00331 a2200157 4500
001 192540
020 _a0-521-67480-8
040 _cMagnum
100 _aBrown, Richard
240 1 0 _aSnow in the kitchen
_lpor
245 1 0 _aSnow in the kitchen
300 _a32
362 0 _a2005
697 _aLITERATURA INGLESA
942 _cBK
999 _c192540
_d192540